000 00493nam a2200181Ia 4500
999 _c8784
_d8784
003 OSt
005 20201009101705.0
008 190216s9999||||xx |||||||||||||| ||und||
020 _a9788178840246
040 _coclc
082 _a005.369
_bBAH/E
100 _aBahl, Raghav
_95506
245 0 _aExploring Excel 2002 /
_cRaghav Bahl
260 _bCyber Tech,
_aDelhi:
_c2001.
300 _a220p
650 _aComputer
942 _cBK
_2ddc
_h005.369
_iBAH/E
_k005.369
_mBAH/E